Vulnerabilidad social y riesgo ambiental /
Uloženo v:
| Hlavní autor: | |
|---|---|
| Médium: | Text |
| Témata: | |
| Tagy: |
Přidat tag
Žádné tagy, Buďte první, kdo vytvoří štítek k tomuto záznamu!
|
MARC
| LEADER | 00000 a a2200000 04500 | ||
|---|---|---|---|
| 001 | 4879 | ||
| 003 | |||
| 040 | |||
| 100 | |a Reyna, Roberto | ||
| 245 | |a Vulnerabilidad social y riesgo ambiental / |c Roberto Reyna | ||
| 650 | |a ECOSISTEMAS | ||
| 650 | |a GRUPOS VULNERABLES | ||
| 650 | |a MEDIO AMBIENTE | ||
| 773 | |g volumen 6, número 30; páginas 4-9 | ||
| 999 | |c 34978 |d 34978 | ||
